| 000 | 00827nam a2200229Ii 4500 | ||
|---|---|---|---|
| 003 | JO-AjNU | ||
| 008 | 230605s9999||||xx |||||||||||||| ||und|| | ||
| 017 | _a2009/2192 | ||
| 020 | _a978-977-6259-94-2 | ||
| 040 |
_aJO-AjNU _bara _erda _cJO-AjNU |
||
| 041 | _aara | ||
| 050 | 1 | 4 | _aBP135 2009 |
| 100 | 3 |
_aالبغدادي، محمد سعيد محمد, _eauthor _956736 |
|
| 245 | 0 | 0 | _aالرواية عن المبتدعة: دراسة نظرية تطبيقية على رواية الشيعة في صحيح البخاري |
| 250 | _aط1 | ||
| 264 | 3 | 1 | _aالقاهرة: دار البصائر، 2009 |
| 300 |
_a160ص _bالمصادر والمراجع ص 143-156 |
||
| 336 |
_atext _btxt _2rdacontent |
||
| 337 |
_aunmediated _bn _2rdamedia |
||
| 338 |
_avolume _bnc _2rdacarrier |
||
| 650 | 4 |
_aالحديث- رواية _956737 |
|
| 999 |
_aA25384 _c28952 _d28952 |
||